LEADER 01282nam a2200289 i 4500 001 000000049384 003 CaOOAMICUS 005 20211214173209.0 008 080723s2002 it u000 u ita u 013 $a20554 020 $a88-85015-43-3 040 $aSeMil$bita 100 1 $aCampa, Riccardo,$d<1934- >.$0(OLS)http://semarc/name/24460 245 13$aLa destrezza e l'inganno :$bsaggio sul don Chisciotte di Miguel de Cervantes Saavedra /$cRiccardo Campa. 264 1$aRoma :$bIl Veltro,$c2002. 300 $aIX, 506 p. ;$c23 cm. 490 1 $aLo Scaffale ART'E'. Saggi ;$v1 500 $aIn mezzo al front : Edizione Arte' 2001. 650 4$aCervantes Saavedra, Miguel : de <1547-1616> . Don Quijote de la Mancha.$0(OLS)http://semarc/subject/2151 830 3$aLo Scaffale ART'E'. Saggi ;$v1.$0(OLS)http://semarc/title/11849 850 $aSeMil 852 $aSeMil$W1$xVenegono$y1$m1R VI 7$j246581$B15539$CSeMilBibl$Z2$F15539 $81 961 $aOmaggio: Casa editrice 996 $6020$a88-85015-43-3$9(OLS)http://semarc/number/22819 996 $6245$aLa destrezza e l'inganno :$bsaggio sul don Chisciotte di Miguel de Cervantes Saavedra$9(OLS)http://semarc/title/75065 996 $6264$aRoma :$bIl Veltro$9(OLS)http://semarc/publisher/32432 LEADER 01062nam a2200205 i 4500 001 000000197549 003 CaOOAMICUS 005 20110215000000.0 008 110215s1576 it u000 u ita u 013 $a176236 040 $aSeMil$bita 245 10$aHistoria dell'origine di tutte le religioni .. 260 $aVenezia :$bappresso gli eredi di Pietro da Fino,$c1576. 300 $a9,5 x 14,5 ;$ccc. effettive 287 ;$crom. 500 $aMancano la carta 233, sostituita da una carta bianca, e le carte dopo la 280. - Descrizione da : Incunaboli e Cinquecentine della Biblioteca del Seminario di Milano / catalogo a cura di Ubaldo Valentini, Milano 1981. - Numero di catalogo : 1133. 700 1 $aMorigia, Paolo,$d<1525-1604>.$0(OLS)http://semarc/name/38237 850 $aSeMil 852 $aSeMil$W1$xVenegono$y1$mFV.B VI 3$j148108$B148108$CSeMilBibl$Z2$F159530 $86 996 $6245$aHistoria dell'origine di tutte le religioni ..$9(OLS)http://semarc/title/285261 996 $6260$aVenezia :$bappresso gli eredi di Pietro da Fino$9(OLS)http://semarc/publisher/51007